Zgadnij Państwa narysowane prze ze mnie 2. - Statystyki

Ogólne statystyki
  • Ten quiz został rozwiązany 53 razy
  • Średni wynik to 8 z 8
Statystyki odpowiedzi
Obrazkowy Odpowiedź % Poprawnych
Irlandia
98%
Katar
98%
Luksemburg
95%
Nigeria
95%
Tunezja
95%
Somalia
93%
Angola
91%
Madagaskar
86%
Nie znaleziono quizów pasujących do podanych kryteriów
Rozkład punktacji
Procent ludzi z każdym wynikiem
Percentyl według liczby udzielonych odpowiedzi
Twoja historia wyników
Nie rozwiązałeś tego quizu